Travel medicine / (Record no. 5015)

MARC details
000 -LEADER
fixed length control field 00600nam a22002057a 4500
003 - CONTROL NUMBER IDENTIFIER
control field OSt
005 - DATE AND TIME OF LATEST TRANSACTION
control field 20160817174409.0
008 - FIXED-LENGTH DATA ELEMENTS--GENERAL INFORMATION
fixed length control field 160816b xxu||||| |||| 00| 0 eng d
020 ## - INTERNATIONAL STANDARD BOOK NUMBER
International Standard Book Number 1899541594
040 ## - CATALOGING SOURCE
Transcribing agency 040a
082 ## - DEWEY DECIMAL CLASSIFICATION NUMBER
Classification number WB 100
Item number P761t 2001
100 ## - MAIN ENTRY--PERSONAL NAME
Personal name Pollard, Andrew J.
9 (RLIN) 10743
245 ## - TITLE STATEMENT
Title Travel medicine /
Statement of responsibility, etc. Andrew J. Pollard, David R Murdoch
260 ## - PUBLICATION, DISTRIBUTION, ETC. (IMPRINT)
Place of publication, distribution, etc. Oxford
Name of publisher, distributor, etc. Health press
Date of publication, distribution, etc. 2001
300 ## - PHYSICAL DESCRIPTION
Extent 152p ;
Other physical details col.ill :
Dimensions 10 cm.
504 ## - BIBLIOGRAPHY, ETC. NOTE
Bibliography, etc Includes bibliographical references and index
650 ## - SUBJECT ADDED ENTRY--TOPICAL TERM
Topical term or geographic name as entry element Travel medicine
9 (RLIN) 10744
700 ## - ADDED ENTRY--PERSONAL NAME
Personal name Murdoch, David R.
9 (RLIN) 10745
942 ## - ADDED ENTRY ELEMENTS (KOHA)
Source of classification or shelving scheme Other/Generic Classification Scheme
Koha item type Open Shelf
Holdings
Withdrawn status Lost status Source of classification or shelving scheme Damaged status Not for loan Home library Current library Date acquired Source of acquisition Inventory number Total Checkouts Full call number Barcode Date last seen Price effective from Koha item type
    Other/Generic Classification Scheme     MUST Main Library MUST Main Library 17/08/2016   2011/34888   WB 100 P761t 2001 2016-3679 17/08/2016 17/08/2016 Open Shelf